000
00326 a2200157 4500
001
62262
020
_a
0333513555
040
_c
Anchieta - Pituba
100
_a
Williams, Libby
240
1
0
_a
Adventures
_l
Ing
245
1
0
_a
Adventures
300
_a
144
362
0
_a
1992
650
4
_a
Inglês e inglês antigo
942
_c
BK
999
_c
62262
_d
62262